000 00276nam a22001217a 4500
008 170210b xxu||||| |||| 00| 0 eng d
041 _aeng
080 _a61
100 _a4
101 _aSHM
245 _aCLINICAL MANAGEMENT RESTLESS LEGS SYNDROMES
_cHENING
942 _2udc
_cBK
999 _c5138
_d5138